000 00475nam a2200169Ia 4500
999 _c866
_d866
003 OSt
005 20200915144241.0
008 190216s9999||||xx |||||||||||||| ||und||
040 _coclc
082 _a492.7
_bMOM/A
100 _aMomen, Akram A
_94606
245 0 _aArabic For Foreign Beginners /
_cAkram A Momen
260 _bAl Huda Book Stall,
_c2012.
_aCalicut:
300 _a111p
650 _aArabic
942 _cBK
_2ddc
_h492.7
_iMOM/A
_k492.7
_mMOM/A